<?xml version="1.0" encoding="UTF-8"?><?xml-stylesheet type="text/xsl" href="static/style.xsl"?><OAI-PMH xmlns="http://www.openarchives.org/OAI/2.0/" xmlns:xsi="http://www.w3.org/2001/XMLSchema-instance" xsi:schemaLocation="http://www.openarchives.org/OAI/2.0/ http://www.openarchives.org/OAI/2.0/OAI-PMH.xsd"><responseDate>2026-04-27T13:49:56Z</responseDate><request verb="GetRecord" identifier="oai:uvadoc.uva.es:10324/48100" metadataPrefix="marc">https://uvadoc.uva.es/oai/request</request><GetRecord><record><header><identifier>oai:uvadoc.uva.es:10324/48100</identifier><datestamp>2021-08-26T20:50:57Z</datestamp><setSpec>com_10324_38</setSpec><setSpec>col_10324_852</setSpec></header><metadata><record xmlns="http://www.loc.gov/MARC21/slim" xmlns:doc="http://www.lyncode.com/xoai" xmlns:xsi="http://www.w3.org/2001/XMLSchema-instance" xmlns:dcterms="http://purl.org/dc/terms/" xsi:schemaLocation="http://www.loc.gov/MARC21/slim http://www.loc.gov/standards/marcxml/schema/MARC21slim.xsd">
<leader>00925njm 22002777a 4500</leader>
<datafield tag="042" ind1=" " ind2=" ">
<subfield code="a">dc</subfield>
</datafield>
<datafield tag="720" ind1=" " ind2=" ">
<subfield code="a">Martín Cabeza, José Manuel</subfield>
<subfield code="e">author</subfield>
</datafield>
<datafield tag="260" ind1=" " ind2=" ">
<subfield code="c">2021</subfield>
</datafield>
<datafield tag="520" ind1=" " ind2=" ">
<subfield code="a">Python es un lenguaje de programación de alto nivel, sencillo de interpretar&#xd;
y de código libre. En este trabajo, se ha realizado una adaptación de un&#xd;
programa ya existente en código Python que realizaba cálculos de casos&#xd;
estáticos en 2D mediante el método directo de rigidez (semejante en ciertos&#xd;
aspectos al método de los elementos finitos). Se ha obtenido un programa que,&#xd;
aprovechando el cálculo estático del programa mencionado anteriormente,&#xd;
realiza el cálculo de pandeo global de la estructura 2D mediante una&#xd;
aproximación matricial y agrupa todo en un único código.</subfield>
</datafield>
<datafield tag="520" ind1=" " ind2=" ">
<subfield code="a">Python is a high-level, easy-to-interpret and open-source programming&#xd;
language. In this work, an adaptation of an existing program has been carried&#xd;
out in Python code that performed calculations of static cases in 2D using the&#xd;
direct stiffness method (similar in certain aspects to the finite element method).&#xd;
A program has been obtained that, taking advantage of the static calculation&#xd;
issued from the initial program, performs the global buckling calculation of the&#xd;
2D structure using a matrix approach and groups everything in a single code.</subfield>
</datafield>
<datafield tag="024" ind2=" " ind1="8">
<subfield code="a">https://uvadoc.uva.es/handle/10324/48100</subfield>
</datafield>
<datafield tag="245" ind1="0" ind2="0">
<subfield code="a">Desarrollo de una aplicación en Python para el pandeo global de pórticos planos</subfield>
</datafield>
</record></metadata></record></GetRecord></OAI-PMH>